[Event "DMSl_2006_LSS_R4"]
[Site "SZSzach"]
[Date "2006.03.11"]
[Round "4.1"]
[White "Drozd, Ryszard"]
[Black "Dworakowska, Joanna"]
[Result "1/2-1/2"]
[WhiteElo "2263"]
[BlackElo "2370"]
[PlyCount "33"]
[EventDate "2006.??.??"]

1. d4 Nf6 2. c4 g6 3. Nc3 Bg7 4. e4 d6 5. f3 O-O 6. Be3 c5 7. dxc5 dxc5 8. Qxd8
Rxd8 9. Bxc5 Nc6 10. Nge2 Nd7 11. Be3 Nde5 12. Nf4 b6 13. Rc1 Ba6 14. b3 e6 15.
Be2 Nd4 16. O-O Nxe2+ 17. Ncxe2 1/2-1/2

[Event "DMSl_2006_LSS_R4"]
[Site "SZSzach"]
[Date "2006.03.11"]
[Round "4.2"]
[White "Bulski, Krzysztof"]
[Black "Osipow, Nikolaj"]
[Result "1/2-1/2"]
[WhiteElo "2366"]
[BlackElo "2203"]
[PlyCount "40"]
[EventDate "2006.??.??"]

1. e4 e5 2. Nf3 Nc6 3. Bc4 Bc5 4. c3 Nf6 5. d4 exd4 6. cxd4 Bb4+ 7. Nc3 Nxe4 8.
O-O Bxc3 9. d5 Bf6 10. Re1 Ne7 11. Rxe4 d6 12. Bg5 O-O 13. Bxf6 gxf6 14. Nd4 f5
15. Re3 f4 16. Rc3 Ng6 17. Qh5 Qf6 18. Rd1 Re8 19. Nf3 Ne5 20. h3 Bf5 1/2-1/2

[Event "DMSl_2006_LSS_R4"]
[Site "SZSzach"]
[Date "2006.03.11"]
[Round "4.3"]
[White "Janiszewski, Maciej"]
[Black "Markiewicz, Jacek"]
[Result "0-1"]
[WhiteElo "2127"]
[BlackElo "2261"]
[PlyCount "62"]
[EventDate "2006.??.??"]

1. e4 c5 2. Nf3 d6 3. d4 cxd4 4. Nxd4 Nf6 5. Nc3 a6 6. Bc4 e6 7. Bb3 Be7 8. g4
h6 9. Be3 Nc6 10. f3 Bd7 11. Qe2 Na5 12. O-O-O b5 13. h4 b4 14. Na4 Nxb3+ 15.
cxb3 Qa5 16. Kb1 Bb5 17. Qg2 Nd7 18. g5 hxg5 19. hxg5 Rxh1 20. Rxh1 g6 21. Rh8+
Bf8 22. Qh3 Qc7 23. Nxe6 Bd3+ 24. Ka1 Qc2 25. Ng7+ Ke7 26. Qh1 Rc8 27. Rh7 Bxg7
28. Rxg7 Rh8 29. Qg1 Rh2 30. Bd4 Rd2 31. Bf6+ Kf8 0-1

[Event "DMSl_2006_LSS_R4"]
[Site "SZSzach"]
[Date "2006.03.11"]
[Round "4.4"]
[White "Masternak, Aleksander"]
[Black "Zarychta, Krzysztof"]
[Result "1/2-1/2"]
[WhiteElo "2224"]
[BlackElo "2203"]
[PlyCount "40"]
[EventDate "2006.??.??"]

1. d4 Nf6 2. Nf3 g6 3. c4 Bg7 4. Nc3 O-O 5. Bg5 c5 6. e3 cxd4 7. exd4 d5 8. h3
Ne4 9. cxd5 Nxg5 10. Nxg5 e5 11. Nf3 exd4 12. Nxd4 Qh4 13. Nf3 Re8+ 14. Be2
Bxc3+ 15. bxc3 Qe4 16. Qd2 Bd7 17. Kf1 b5 18. Re1 Na6 19. Kg1 Qf5 20. Kh2 Nc5
1/2-1/2

[Event "DMSl_2006_LSS_R4"]
[Site "SZSzach"]
[Date "2006.03.11"]
[Round "4.5"]
[White "Kryjak, Andrzej"]
[Black "Matyszkiewicz, Marcin"]
[Result "1-0"]
[WhiteElo "2118"]
[BlackElo "2099"]
[PlyCount "59"]
[EventDate "2006.??.??"]

1. e4 c5 2. Nf3 Nc6 3. Bb5 g6 4. Bxc6 dxc6 5. d3 Bg7 6. O-O Qc7 7. Nc3 Nf6 8.
h3 h6 9. Be3 b6 10. Qc1 g5 11. Nh2 e5 12. g4 Be6 13. a4 c4 14. a5 b5 15. Rd1
Rd8 16. dxc4 Rxd1+ 17. Qxd1 b4 18. Na4 Nxe4 19. Qe2 Qxa5 20. Qf3 Nf6 21. Qxc6+
Bd7 22. Qa8+ Qd8 23. Qxa7 O-O 24. Rd1 Qb8 25. Qxb8 Rxb8 26. Nc5 Bc6 27. Na6 Rb7
28. Rd8+ Kh7 29. Rd6 Be4 30. c5 1-0

[Event "DMSl_2006_LSS_R4"]
[Site "SZSzach"]
[Date "2006.03.11"]
[Round "4.7"]
[White "Maciol, Ryszard"]
[Black "Kozak, Pawel"]
[Result "1-0"]
[WhiteElo "2236"]
[BlackElo "2085"]
[PlyCount "101"]
[EventDate "2006.??.??"]

1. d4 Nf6 2. c4 c5 3. d5 b5 4. cxb5 a6 5. e3 axb5 6. Bxb5 Qa5+ 7. Nc3 Bb7 8.
Bd2 Qb6 9. Qb3 e6 10. Bc4 Qxb3 11. Bxb3 exd5 12. Nge2 Na6 13. O-O-O Nc7 14. Be1
Bd6 15. f3 O-O 16. Bh4 Be7 17. Kb1 Rfb8 18. Bg3 d6 19. Rd2 h6 20. Rhd1 g5 21.
h3 Bf8 22. Bh2 Re8 23. Bg1 Bg7 24. Ng3 Bc8 25. Ba4 Rd8 26. Bc2 Be6 27. Nf5 Bxf5
28. Bxf5 Rdb8 29. h4 Ne6 30. hxg5 hxg5 31. Rc2 Nc7 32. g4 Rb4 33. Bh2 Rb6 34.
f4 gxf4 35. Bxf4 Rab8 36. Na4 Ra6 37. Nxc5 dxc5 38. Bxc7 Rba8 39. a3 c4 40. Be5
Rb6 41. Bd4 Rb3 42. g5 Ne8 43. Rh2 Bxd4 44. Rxd4 Nc7 45. Rdh4 Kf8 46. g6 fxg6
47. Bxg6 Kg7 48. Bc2 Rb7 49. Rh7+ Kf6 50. R2h6+ Kg5 51. Rg6# 1-0

[Event "DMSl_2006_LSS_R4"]
[Site "SZSzach"]
[Date "2006.03.11"]
[Round "4.8"]
[White "Grzenia, Jerzy"]
[Black "Diczew, Filip"]
[Result "0-1"]
[WhiteElo "2103"]
[BlackElo "2154"]
[PlyCount "96"]
[EventDate "2006.??.??"]

1. Nf3 d5 2. d4 Nc6 3. Bf4 Bg4 4. Nbd2 e6 5. e3 Bd6 6. Bxd6 cxd6 7. c4 dxc4 8.
Bxc4 d5 9. Bb5 Nge7 10. O-O O-O 11. Qb3 Na5 12. Qa4 a6 13. Be2 b5 14. Qd1 Nc8
15. Ne5 Bxe2 16. Qxe2 Nc4 17. Nd3 a5 18. b3 Na3 19. Nb1 Nxb1 20. Raxb1 Nd6 21.
Rbc1 b4 22. Qb2 Ne4 23. f3 Nd6 24. Rc5 Qg5 25. Qf2 Rfc8 26. Rfc1 Rxc5 27. Rxc5
Qg6 28. Qc2 h6 29. Nb2 Nf5 30. Qf2 Nxd4 31. e4 dxe4 32. Qxd4 exf3 33. g3 Qb1+
34. Kf2 Qh1 35. Qd2 Qxh2+ 36. Ke3 Qxg3 37. Qf2 Qg6 38. Qxf3 Rd8 39. Rc1 e5 40.
Rd1 Re8 41. Nc4 Qg5+ 42. Ke2 e4 43. Qe3 Qg2+ 44. Qf2 Qg4+ 45. Ke1 f5 46. Ne3
Qg5 47. Rd5 g6 48. Ke2 Qf6 0-1

[Event "DMSl_2006_LSS_R4"]
[Site "SZSzach"]
[Date "2006.03.11"]
[Round "4.10"]
[White "Chrobak, Piotr"]
[Black "Swiatloch, Michal"]
[Result "0-1"]
[WhiteElo "2029"]
[BlackElo "2114"]
[PlyCount "90"]
[EventDate "2006.??.??"]

1. e4 c6 2. d4 d5 3. exd5 cxd5 4. c4 Nf6 5. Nc3 Nc6 6. Nf3 Bg4 7. cxd5 Nxd5 8.
Bc4 e6 9. O-O Bxf3 10. Qxf3 Nxd4 11. Qe4 Nxc3 12. bxc3 Nc6 13. Rb1 Qc8 14. f4
Be7 15. f5 e5 16. Bd5 O-O 17. Rf3 Bf6 18. g4 h6 19. h4 Bxh4 20. Rh3 Qd8 21.
Rxb7 Rc8 22. Rd3 Qf6 23. Ba3 Nd8 24. Be7 Qxe7 25. Rxe7 Bxe7 26. Kg2 Bf6 27. c4
Re8 28. Rb3 Re7 29. Rb5 Kh8 30. a4 Rd7 31. a5 Rcc7 32. a6 Rd6 33. Rb7 Nxb7 34.
axb7 Rb6 35. Qe3 Rb2+ 36. Kf1 Rd7 37. Qxa7 Rd8 38. c5 Kh7 39. Qa1 e4 40. Qxb2
Bxb2 41. c6 Be5 42. Bxe4 Rd2 43. Ke1 Rb2 44. Kd1 Kg8 45. Kc1 Rh2 0-1

[Event "DMSl_2006_LSS_R4"]
[Site "SZSzach"]
[Date "2006.03.11"]
[Round "4.11"]
[White "Ociepka, Tomasz"]
[Black "Staszczyk, Waldemar"]
[Result "0-1"]
[WhiteElo "1995"]
[BlackElo "2044"]
[PlyCount "112"]
[EventDate "2006.??.??"]

1. e4 c5 2. Nf3 Nc6 3. d4 cxd4 4. Nxd4 Nf6 5. Nc3 e5 6. Ndb5 d6 7. Bg5 a6 8.
Na3 b5 9. Nd5 Be7 10. Bxf6 Bxf6 11. c3 O-O 12. Nc2 Rb8 13. a3 Bg5 14. Nce3 Be6
15. Bd3 Ne7 16. O-O Nxd5 17. exd5 Bc8 18. Qe2 f5 19. Bc2 f4 20. Nd1 f3 21. Qe1
fxg2 22. Kxg2 Bf4 23. f3 Qg5+ 24. Kh1 Rf6 25. Rg1 Qh5 26. Qf2 Rh6 27. Rg2 Bh3
28. Rg1 Bf5 29. Rg2 Bxc2 30. Qxc2 Qxf3 31. Kg1 Rf8 32. Qf2 Qxd5 33. Qa7 Qf7 34.
Qxf7+ Rxf7 35. a4 bxa4 36. Rxa4 d5 37. Rb4 g5 38. Re2 Rd6 39. Ne3 h5 40. Kg2
Kg7 41. Nc2 Rfd7 42. Ne3 Kf6 43. h3 Bxe3 44. Rxe3 d4 45. Rf3+ Kg6 46. Rd3 dxc3
47. Rxd6+ Rxd6 48. bxc3 Kf5 49. Rb8 Rd2+ 50. Kg1 Rd3 51. Rf8+ Ke4 52. Rg8 Rxc3
53. Rxg5 Rxh3 54. Kg2 Rh4 55. Kg3 Rg4+ 56. Rxg4+ hxg4 0-1

[Event "DMSl_2006_LSS_R4"]
[Site "SZSzach"]
[Date "2006.03.11"]
[Round "4.12"]
[White "Kasprzykowska, Joanna"]
[Black "Kumorowicz, Katarzyna"]
[Result "0-1"]
[WhiteElo "1744"]
[BlackElo "1955"]
[PlyCount "62"]
[EventDate "2006.??.??"]

1. e4 c5 2. c3 Nf6 3. e5 Nd5 4. Nf3 e6 5. Bc4 Nb6 6. Bb3 d5 7. d4 Nc6 8. O-O
Be7 9. Be3 Nd7 10. Ne1 b6 11. Qg4 g6 12. Ba4 Qc7 13. Nd2 Ba6 14. c4 dxc4 15.
Qe4 b5 16. Bc2 Bb7 17. Qg4 cxd4 18. Bxd4 Nxd4 19. Qxd4 Qxe5 20. Qxe5 Nxe5 21.
a4 a6 22. h3 O-O 23. f4 Nd7 24. Ne4 Nc5 25. Nxc5 Bxc5+ 26. Kh1 Rfd8 27. Nf3 b4
28. Rad1 b3 29. Bb1 Bxf3 30. gxf3 f5 31. Rfe1 Kf7 0-1

[Event "DMSl_2006_LSS_R4"]
[Site "SZSzach"]
[Date "2006.03.11"]
[Round "4.13"]
[White "Walach, Marcin"]
[Black "Duda, Lukasz"]
[Result "1-0"]
[WhiteElo "2383"]
[BlackElo "2171"]
[PlyCount "57"]
[EventDate "2006.??.??"]

1. d4 d5 2. c4 e6 3. Nc3 Nf6 4. Nf3 c6 5. Bg5 Nbd7 6. e3 Qa5 7. Nd2 Bb4 8. Qc2
Ne4 9. Ndxe4 dxe4 10. Bf4 O-O 11. Rc1 g5 12. Bg3 f5 13. c5 e5 14. Bc4+ Kg7 15.
h4 exd4 16. exd4 Qd8 17. Bd6 Re8 18. Qb3 Bxc3+ 19. Rxc3 g4 20. Bf7 Nf6 21. Bxe8
Qxe8 22. Be5 Qe6 23. f3 Kg6 24. Bxf6 Qxf6 25. Qg8+ Qg7 26. h5+ Kh6 27. Qd8 Be6
28. Qxa8 gxf3 29. Qxa7 1-0

[Event "DMSl_2006_LSS_R4"]
[Site "SZSzach"]
[Date "2006.03.11"]
[Round "4.14"]
[White "Turlej, Lukasz"]
[Black "Kornasiewicz, Stanislaw"]
[Result "0-1"]
[WhiteElo "2122"]
[BlackElo "2218"]
[PlyCount "148"]
[EventDate "2006.??.??"]

1. Nf3 d6 2. c4 g6 3. d4 Bg7 4. e4 Nf6 5. Nc3 c6 6. Be2 a6 7. O-O O-O 8. Rb1 b5
9. b4 bxc4 10. Bxc4 d5 11. Bd3 dxe4 12. Nxe4 Nd5 13. h3 Nd7 14. Bd2 N7f6 15.
Nc5 Nh5 16. Re1 Nhf4 17. Bf1 Ne6 18. Qa4 Qb6 19. Nxe6 Bxe6 20. Rbc1 Rfc8 21.
Rc5 Qb7 22. Rec1 Nb6 23. Qa3 Bd5 24. Ne5 Bxe5 25. dxe5 Rd8 26. Bf4 Qd7 27. Ra5
Qf5 28. Qe3 Nd7 29. Bxa6 Qe6 30. a3 Rab8 31. Be2 h5 32. Kh2 Ra8 33. Rxa8 Rxa8
34. Ra1 f6 35. exf6 Qxf6 36. Rd1 Rf8 37. Bh6 Qxf2 38. Rf1 Qxe3 39. Bxe3 Ra8 40.
Ra1 Ne5 41. a4 Nc4 42. Bc5 e5 43. a5 Nd2 44. Bd3 Nb3 45. Ra3 Nxc5 46. bxc5 e4
47. Be2 Kf7 48. Kg3 Kf6 49. Kf4 Ra7 50. Ra1 h4 51. a6 g5+ 52. Ke3 Ke5 53. Rb1
Be6 54. Rb7 Ra8 55. Rg7 Kf5 56. Rc7 Bd5 57. Bf1 Ke5 58. Be2 Kf6 59. a7 Ke5 60.
Ba6 Ke6 61. Rh7 Kf6 62. Kd4 Bf7 63. Bc4 Rxa7 64. Bxf7 Rxf7 65. Rh6+ Kf5 66.
Rxc6 Ra7 67. Rc8 Rd7+ 68. Ke3 Rd3+ 69. Ke2 Rg3 70. Kf1 Rc3 71. Rf8+ Ke5 72. Rg8
Kf4 73. Rc8 Rd3 74. Kg1 e3 0-1

[Event "DMSl_2006_LSS_R4"]
[Site "SZSzach"]
[Date "2006.03.11"]
[Round "4.15"]
[White "Waglorz, Janusz"]
[Black "Gmaj, Krzysztof"]
[Result "1/2-1/2"]
[WhiteElo "2204"]
[BlackElo "2096"]
[PlyCount "41"]
[EventDate "2006.??.??"]

1. e4 e6 2. d4 d5 3. Nc3 Be7 4. exd5 exd5 5. Bd3 Nf6 6. Nf3 Bg4 7. h3 Bh5 8.
Bf4 Nc6 9. g4 Bg6 10. Ne5 Nxe5 11. dxe5 Ne4 12. Bxe4 dxe4 13. Qe2 c6 14. Nxe4
O-O 15. Rd1 Qa5+ 16. c3 Qxa2 17. Nd6 Qa4 18. Rd4 Qa1+ 19. Rd1 Qa4 20. Rd4 Qa1+
21. Rd1 1/2-1/2

[Event "DMSl_2006_LSS_R4"]
[Site "SZSzach"]
[Date "2006.03.11"]
[Round "4.16"]
[White "Kornasiewicz, Jacek"]
[Black "Brozek, Zbigniew"]
[Result "1/2-1/2"]
[WhiteElo "2195"]
[BlackElo "2108"]
[PlyCount "58"]
[EventDate "2006.??.??"]

1. e4 c6 2. d4 d5 3. exd5 cxd5 4. Bd3 Nc6 5. c3 Nf6 6. Bf4 Bg4 7. Qb3 Qd7 8.
Nd2 e6 9. Ngf3 a6 10. h3 Bh5 11. Ne5 Nxe5 12. dxe5 Ng8 13. Be3 Ne7 14. O-O Bg6
15. Bxg6 Nxg6 16. f4 Rc8 17. Rad1 Qc6 18. Kh1 b5 19. Nf3 Be7 20. f5 exf5 21.
Nd4 Qc4 22. Nxf5 O-O 23. Qxc4 dxc4 24. Nxe7+ Nxe7 25. Rd6 Nc6 26. Bf4 Rfe8 27.
Re1 Re6 28. Rxe6 fxe6 29. Rd1 Rd8 1/2-1/2

[Event "DMSl_2006_LSS_R4"]
[Site "SZSzach"]
[Date "2006.03.11"]
[Round "4.17"]
[White "Zawierucha, Aleksander"]
[Black "Morkisz, Bogdan"]
[Result "1-0"]
[WhiteElo "2039"]
[BlackElo "2145"]
[PlyCount "77"]
[EventDate "2006.??.??"]

1. e4 e5 2. Nf3 f5 3. Nxe5 Qf6 4. d4 d6 5. Nc4 fxe4 6. Nc3 Qg6 7. f3 Be7 8. Be3
Nf6 9. Qd2 Bd7 10. O-O-O a5 11. fxe4 Nxe4 12. Nxe4 Qxe4 13. Bd3 Qd5 14. Rde1
O-O 15. Na3 b5 16. c4 Qb7 17. Nxb5 Na6 18. a3 d5 19. Nc3 dxc4 20. Bxc4+ Kh8 21.
Rhf1 Bf5 22. Bd5 c6 23. Be4 Be6 24. d5 cxd5 25. Bxd5 Bxd5 26. Qxd5 Qxd5 27.
Nxd5 Rac8+ 28. Kb1 Bd6 29. g3 Rfd8 30. Bb6 Nc7 31. Ne7 Ra8 32. Nf5 Rdb8 33.
Bxc7 Bxc7 34. Re7 Rc8 35. Rc1 g6 36. Rcxc7 Rxc7 37. Rxc7 gxf5 38. Rf7 Rg8 39.
Rxf5 1-0

[Event "DMSl_2006_LSS_R4"]
[Site "SZSzach"]
[Date "2006.03.11"]
[Round "4.18"]
[White "Krajewska, Katarzyna"]
[Black "Szydlowska, Malgorzata"]
[Result "1-0"]
[WhiteElo "1990"]
[BlackElo "1931"]
[PlyCount "61"]
[EventDate "2006.??.??"]

1. d4 Nf6 2. c4 g6 3. Nc3 Bg7 4. e4 d6 5. f3 O-O 6. Be3 Nfd7 7. Qd2 e5 8. d5 f5
9. O-O-O Nf6 10. Bd3 fxe4 11. Nxe4 Nxe4 12. Bxe4 Bf5 13. Ne2 Bxe4 14. fxe4 Nd7
15. Nc3 Nf6 16. h3 Qd7 17. g4 a6 18. c5 Rab8 19. Qe2 Rf7 20. Rhf1 Bf8 21. cxd6
Bxd6 22. Rf3 b5 23. Rdf1 b4 24. Nb1 Rbf8 25. Bh6 Ne8 26. Bxf8 Rxf8 27. Rxf8+
Bxf8 28. Qxa6 Bh6+ 29. Nd2 Bf4 30. Qc4 Qe7 31. d6+ 1-0

[Event "DMSl_2006_LSS_R4"]
[Site "SZSzach"]
[Date "2006.03.11"]
[Round "4.19"]
[White "Pinkas, Karol"]
[Black "Lozynski, Kamil"]
[Result "1-0"]
[WhiteElo "2295"]
[BlackElo "1943"]
[PlyCount "95"]
[EventDate "2006.??.??"]

1. e4 e6 2. Nc3 d5 3. d4 Nf6 4. Bg5 Be7 5. e5 Nfd7 6. Bxe7 Qxe7 7. f4 O-O 8.
Qd2 c5 9. Nf3 Nc6 10. dxc5 Nxc5 11. O-O-O f6 12. exf6 Qxf6 13. g3 g6 14. Bg2
Rd8 15. Nd4 Ne4 16. Qe3 Nxd4 17. Rxd4 Nxc3 18. Qxc3 Bd7 19. Qe3 Rac8 20. Re1
Rc6 21. Qe5 Rdc8 22. Rd2 Qxe5 23. Rxe5 a6 24. Bh3 Rd6 25. Rd4 Kf7 26. Kd2 Rc4
27. c3 Rxd4+ 28. cxd4 Kf6 29. Bf1 Rb6 30. b3 Bb5 31. Bg2 Bd7 32. g4 Rd6 33. h4
Bc8 34. Bf1 Bd7 35. h5 Bb5 36. Bg2 Bd7 37. Bf3 Bb5 38. a4 Be8 39. h6 b5 40. a5
b4 41. g5+ Kf7 42. Re1 Rc6 43. f5 gxf5 44. Bh5+ Kf8 45. Bxe8 Kxe8 46. g6 Ke7
47. Rc1 Rd6 48. Rc8 1-0

[Event "DMSl_2006_LSS_R4"]
[Site "SZSzach"]
[Date "2006.03.11"]
[Round "4.20"]
[White "Botor, Michal"]
[Black "Stachanczyk, Jacek"]
[Result "0-1"]
[WhiteElo "1903"]
[BlackElo "2144"]
[PlyCount "82"]
[EventDate "2006.??.??"]

1. e4 c5 2. Nf3 Nc6 3. d4 cxd4 4. Nxd4 g6 5. Nc3 Bg7 6. Be3 Nf6 7. f3 O-O 8.
Qd2 d5 9. O-O-O dxe4 10. Nxc6 Qxd2+ 11. Bxd2 bxc6 12. Nxe4 Nxe4 13. fxe4 Rd8
14. c3 Be6 15. b3 a5 16. Bc4 Bxc4 17. bxc4 Rd3 18. Kc2 Rad8 19. Rhf1 e6 20. Rf3
R3d7 21. Rf2 Bh6 22. g4 Be3 23. Re2 Bf4 24. Rf2 e5 25. c5 f6 26. h4 Kg7 27. h5
Rxd2+ 28. Rdxd2 Rxd2+ 29. Rxd2 Bxd2 30. Kxd2 gxh5 31. gxh5 Kh6 32. Kc2 Kxh5 33.
Kb3 Kg5 34. Ka4 h5 35. Kxa5 h4 36. Kb6 h3 37. a4 h2 38. a5 h1=Q 39. a6 Qxe4 40.
a7 Qa4 41. Kb7 e4 0-1

[Event "DMSl_2006_LSS_R4"]
[Site "SZSzach"]
[Date "2006.03.11"]
[Round "4.21"]
[White "Zowada, Kazimierz"]
[Black "Buchowski, Adam"]
[Result "1-0"]
[WhiteElo "2153"]
[BlackElo "1993"]
[PlyCount "111"]
[EventDate "2006.??.??"]

1. d4 Nf6 2. Bg5 e6 3. e3 Be7 4. Bd3 d6 5. c4 Nbd7 6. Nc3 b6 7. Nf3 Bb7 8. O-O
O-O 9. Qe2 Re8 10. Rad1 a6 11. e4 e5 12. dxe5 dxe5 13. Bc2 Qc8 14. Bxf6 Bxf6
15. Nd5 Bd8 16. Ba4 c6 17. Ne3 g6 18. b4 Nf6 19. Nd2 Be7 20. Qf3 Qc7 21. Bb3
Rf8 22. c5 bxc5 23. bxc5 Nd7 24. Ng4 Nxc5 25. Nc4 Nxb3 26. Qxb3 Bc8 27. Ngxe5
Be6 28. Qa4 Rfc8 29. Rd2 f6 30. Nf3 Qf4 31. Nb6 Bg4 32. Nxc8 Rxc8 33. Rd3 c5
34. Qc4+ Kg7 35. h3 Bxf3 36. Rxf3 Qe5 37. Rd1 Rc7 38. Rfd3 f5 39. exf5 Qxf5 40.
Rf3 Qe5 41. Qf7+ Kh6 42. Re3 Qg7 43. Qc4 Qf6 44. Rde1 a5 45. g3 Rd7 46. Re6 Qf7
47. Qa4 Rd2 48. R6e2 Rxe2 49. Rxe2 Bf6 50. Qxa5 Qc4 51. Qd2+ Bg5 52. Qc2 Qd4
53. h4 Qa1+ 54. Kg2 Bf6 55. Qxc5 Qd1 56. Qf8+ 1-0

[Event "DMSl_2006_LSS_R4"]
[Site "SZSzach"]
[Date "2006.03.11"]
[Round "4.22"]
[White "Swiech, Piotr"]
[Black "Majcher, Marcin"]
[Result "0-1"]
[WhiteElo "2081"]
[BlackElo "2066"]
[PlyCount "92"]
[EventDate "2006.??.??"]

1. d4 d5 2. c4 c6 3. cxd5 cxd5 4. Nc3 Nf6 5. Bf4 Nc6 6. e3 a6 7. Rc1 e6 8. Bd3
Bd6 9. Bxd6 Qxd6 10. Nf3 O-O 11. O-O Bd7 12. Na4 Nb4 13. Bb1 Bxa4 14. Qxa4 Nd7
15. Qb3 Rab8 16. Rc3 Nc6 17. Rfc1 f5 18. a3 Nf6 19. Qb6 Nd7 20. Qb3 Nf6 21. Ne1
Ne4 22. R3c2 Na5 23. Qd3 Nc4 24. f3 Nf6 25. a4 Rbc8 26. b3 Nb6 27. Rxc8 Rxc8
28. Rxc8+ Nxc8 29. Qc2 Ne7 30. Nd3 Nd7 31. Kf2 Kf7 32. Nc5 Nxc5 33. dxc5 Qe5
34. f4 Qa1 35. b4 d4 36. b5 dxe3+ 37. Ke2 axb5 38. axb5 Nd5 39. c6 bxc6 40.
bxc6 Qa6+ 41. Ke1 Nb4 42. Qb3 Nxc6 43. Bxf5 Qa5+ 44. Kf1 Qxf5 45. Qxe3 Qb1+ 46.
Kf2 Qc2+ 0-1

[Event "DMSl_2006_LSS_R4"]
[Site "SZSzach"]
[Date "2006.03.11"]
[Round "4.23"]
[White "Guzik, Jolanta"]
[Black "Kastelik, Adrian"]
[Result "0-1"]
[WhiteElo "2096"]
[BlackElo "1945"]
[PlyCount "98"]
[EventDate "2006.??.??"]

1. c4 Nf6 2. Nc3 e6 3. d4 d5 4. Nf3 c5 5. e3 Be7 6. dxc5 Bxc5 7. cxd5 Nxd5 8.
Bb5+ Bd7 9. Bxd7+ Qxd7 10. Nxd5 Qxd5 11. Qxd5 exd5 12. a3 Nd7 13. b4 Be7 14.
Bb2 Bf6 15. Bxf6 Nxf6 16. Rc1 O-O 17. Ke2 Rac8 18. Nd4 Rfd8 19. f3 Kf8 20. Rhd1
g6 21. Nb3 Ke7 22. Na5 Rxc1 23. Rxc1 Rd7 24. Kd3 Ne8 25. Nb3 Nd6 26. Nd2 Nc4
27. Rc3 Nxe3 28. g3 Nf5 29. Rc5 Kd6 30. g4 Ng7 31. Nb3 Ne6 32. Rc8 Rc7 33. Rh8
Ke5 34. h4 Kf4 35. Nd2 f5 36. gxf5 Kxf5 37. b5 g5 38. hxg5 Kxg5 39. Rg8+ Kf5
40. Rh8 Kg6 41. Re8 Kf7 42. Ra8 b6 43. Nf1 Ke7 44. Ne3 Kd6 45. Re8 Nc5+ 46. Kd4
Ne6+ 47. Kd3 Rf7 48. Ke2 Nd4+ 49. Kd3 Nxb5 0-1

[Event "DMSl_2006_LSS_R4"]
[Site "SZSzach"]
[Date "2006.03.11"]
[Round "4.24"]
[White "Halamus, Agata"]
[Black "Labedz, Patrycja"]
[Result "0-1"]
[WhiteElo "1941"]
[BlackElo "1941"]
[PlyCount "70"]
[EventDate "2006.??.??"]

1. c4 c6 2. g3 d5 3. Bg2 Nf6 4. Nf3 Bf5 5. b3 e6 6. Bb2 Nbd7 7. O-O Be7 8. d3
O-O 9. h3 h6 10. Nbd2 Bh7 11. Re1 Qc7 12. Rc1 Rad8 13. a3 a5 14. d4 Ne4 15. e3
Ndf6 16. Qe2 g5 17. Nf1 Nd7 18. Ne5 f6 19. Nxd7 Rxd7 20. cxd5 exd5 21. Nd2 Nxd2
22. Qxd2 f5 23. f4 Kh8 24. Kh2 Qb6 25. Qd3 Rg8 26. Rg1 Bd6 27. Rce1 Rdg7 28.
Bh1 Qc7 29. Bc1 h5 30. Rg2 Qe7 31. Qe2 h4 32. gxh4 gxf4 33. exf4 Qxh4 34. Qf3
Rxg2+ 35. Bxg2 Qxe1 0-1

[Event "DMSl_2006_LSS_R4"]
[Site "SZSzach"]
[Date "2006.03.11"]
[Round "4.26"]
[White "Szwed, Jacek"]
[Black "Moskalik, Andrzej"]
[Result "1-0"]
[WhiteElo "2202"]
[BlackElo "2144"]
[PlyCount "59"]
[EventDate "2006.??.??"]

1. e4 e6 2. d4 d5 3. Nd2 dxe4 4. Nxe4 Bd7 5. Nf3 Bc6 6. Bd3 Nd7 7. O-O Ngf6 8.
Ng3 Be7 9. Qe2 b6 10. Ne5 Nxe5 11. dxe5 Qd5 12. f4 Ng4 13. h3 Qd4+ 14. Kh1 h5
15. Be4 Bxe4 16. Nxe4 Nh6 17. Rd1 Qa4 18. Qf3 Rd8 19. Rxd8+ Bxd8 20. b3 Qd4 21.
c3 Qd5 22. Be3 Nf5 23. Bf2 Qa5 24. a4 Qd5 25. Rd1 Qxb3 26. Nc5 Qxd1+ 27. Qxd1
bxc5 28. Bxc5 a5 29. Qd3 c6 30. Qa6 1-0

[Event "DMSl_2006_LSS_R4"]
[Site "SZSzach"]
[Date "2006.03.11"]
[Round "4.27"]
[White "Lubosik, Zbigniew"]
[Black "Kobialko, Dawid"]
[Result "1/2-1/2"]
[WhiteElo "2131"]
[BlackElo "2084"]
[PlyCount "25"]
[EventDate "2006.??.??"]

1. d4 d5 2. Nf3 Nf6 3. c4 e6 4. Nc3 Be7 5. Bg5 O-O 6. e3 Nbd7 7. Bd3 dxc4 8.
Bxc4 a6 9. O-O b5 10. Bd3 c5 11. Qe2 Bb7 12. Rac1 cxd4 13. exd4 1/2-1/2

[Event "DMSl_2006_LSS_R4"]
[Site "SZSzach"]
[Date "2006.03.11"]
[Round "4.28"]
[White "Tobolski, Jakub"]
[Black "Kunicki, Michal"]
[Result "1/2-1/2"]
[WhiteElo "1939"]
[BlackElo "2140"]
[PlyCount "30"]
[EventDate "2006.??.??"]

1. e4 c5 2. Nf3 e6 3. d4 cxd4 4. Nxd4 a6 5. Bd3 Qc7 6. O-O Nc6 7. Nb3 Nf6 8.
Be3 d6 9. Nc3 b5 10. a3 Bb7 11. f4 Be7 12. Qe2 O-O 13. Rae1 Rfd8 14. Bd2 Nd7
15. Rf3 Nc5 1/2-1/2

[Event "DMSl_2006_LSS_R4"]
[Site "SZSzach"]
[Date "2006.03.11"]
[Round "4.29"]
[White "Szydlowska, Marta"]
[Black "Bobrowski, Piotr"]
[Result "0-1"]
[WhiteElo "2046"]
[BlackElo "2014"]
[Annotator "Dalej zapisy niepoprawne"]
[PlyCount "50"]
[EventDate "2006.??.??"]

1. d4 Nf6 2. Nf3 g6 3. Bf4 Bg7 4. e3 d6 5. h3 O-O 6. Be2 c5 7. c3 Qb6 8. Qc1
Nc6 9. Nbd2 cxd4 10. exd4 Be6 11. Be3 Nd5 12. Nc4 Qc7 13. Bh6 b5 14. Bxg7 Kxg7
15. Ne3 Rab8 16. O-O h6 17. Nc2 Rfc8 18. Bd3 Na5 19. Qe1 Nc4 20. Rb1 Nf4 21.
Nb4 Qb7 22. Be4 d5 23. Bc2 a5 24. Nd3 g5 25. Nc5 Rxc5 0-1

 Rc6 27. b3 Na3
28. Qe5+ 0-1

[Event "DMSl_2006_LSS_R4"]
[Site "SZSzach"]
[Date "2006.03.11"]
[Round "4.30"]
[White "Krupa, Anna"]
[Black "Krasnodebska, Magdalena"]
[Result "0-1"]
[WhiteElo "1796"]
[BlackElo "1931"]
[PlyCount "46"]
[EventDate "2006.??.??"]

1. d4 f5 2. Nf3 g6 3. Bf4 Nf6 4. e3 Bg7 5. Be2 O-O 6. O-O d6 7. h3 Nc6 8. c3
Qe8 9. Bh2 e5 10. dxe5 dxe5 11. Qb3+ Kh8 12. Rd1 Rb8 13. Bb5 Be6 14. Qc2 Nd7
15. Nbd2 Bd5 16. c4 Bf7 17. Qa4 Nb6 18. Bxc6 Nxa4 19. Bxe8 Rfxe8 20. Rab1 Rbd8
21. Rdc1 e4 22. Nd4 c5 23. N4b3 Nxb2 0-1

[Event "DMSl_2006_LSS_R4"]
[Site "SZSzach"]
[Date "2006.03.11"]
[Round "4.31"]
[White "Jurek, Pawel"]
[Black "Dors, Ryszard"]
[Result "1-0"]
[WhiteElo "2177"]
[BlackElo "2211"]
[PlyCount "73"]
[EventDate "2006.??.??"]

1. e4 c6 2. d4 d5 3. e5 Bf5 4. Nc3 Qb6 5. Nf3 e6 6. Be2 Nd7 7. O-O Ne7 8. b3 f6
9. exf6 gxf6 10. Nh4 O-O-O 11. Na4 Qc7 12. Nxf5 Nxf5 13. Bg4 Bd6 14. f4 Ng7 15.
c4 dxc4 16. bxc4 f5 17. Be2 e5 18. fxe5 Nxe5 19. Bg5 Be7 20. Bxe7 Qxe7 21. d5
Rd7 22. Qd4 b6 23. Rae1 Qf6 24. Qf2 cxd5 25. cxd5 Rxd5 26. Nc3 Rd4 27. Rc1 Kb8
28. Nb5 Rd7 29. Kh1 Rc8 30. Nd4 Rxc1 31. Rxc1 Qd6 32. Ba6 Rc7 33. Rxc7 Qxc7 34.
Qf4 Ka8 35. Nf3 Nh5 36. Qxe5 Qc1+ 37. Ng1 1-0

[Event "DMSl_2006_LSS_R4"]
[Site "SZSzach"]
[Date "2006.03.11"]
[Round "4.32"]
[White "Sek, Joachim"]
[Black "Lukaszek, Stanislaw"]
[Result "1-0"]
[WhiteElo "2167"]
[BlackElo "2091"]
[PlyCount "69"]
[EventDate "2006.??.??"]

1. e4 d6 2. d4 Nf6 3. Nc3 g6 4. f4 Bg7 5. Nf3 O-O 6. Bd3 Nc6 7. O-O Bg4 8. Be3
e5 9. fxe5 dxe5 10. d5 Nd4 11. Ne2 Nxf3+ 12. gxf3 Bh3 13. Rf2 Nh5 14. Kh1 Qh4
15. Qg1 h6 16. c3 c6 17. Bc4 Kh8 18. Bc5 f5 19. Ng3 fxe4 20. Bxf8 Rxf8 21. Nxe4
Rxf3 22. Rxf3 Qxe4 23. Qe3 Qxc4 24. Rxh3 Nf4 25. Rg3 Qxd5+ 26. Kg1 Bf8 27. b4
a5 28. Re1 Bd6 29. a3 c5 30. Rxg6 Kh7 31. Rg3 cxb4 32. cxb4 Kh8 33. Rf1 a4 34.
Rxf4 exf4 35. Qe8+ 1-0

[Event "DMSl_2006_LSS_R4"]
[Site "SZSzach"]
[Date "2006.03.11"]
[Round "4.33"]
[White "Ozog, Leon"]
[Black "Kasprzyk, Tomasz"]
[Result "1-0"]
[WhiteElo "2171"]
[BlackElo "2137"]
[PlyCount "85"]
[EventDate "2006.??.??"]

1. e4 c5 2. Nc3 d6 3. g3 g6 4. Bg2 Bg7 5. f4 Nc6 6. d3 Nf6 7. Nf3 Nd4 8. O-O
Bg4 9. h3 Nxf3+ 10. Bxf3 Bxh3 11. Re1 Qd7 12. Qe2 Ng4 13. Nd5 h5 14. f5 Ne5 15.
f6 exf6 16. Bg2 Bxg2 17. Kxg2 h4 18. Rh1 h3+ 19. Kg1 O-O-O 20. Bf4 Qg4 21. Kf2
Rde8 22. Qxg4+ Nxg4+ 23. Kf3 Ne5+ 24. Bxe5 fxe5 25. Rh2 Rh7 26. Kg4 Re6 27.
Rah1 f5+ 28. Kf3 Bf6 29. Rxh3 Rxh3 30. Rxh3 Bd8 31. Rh7 Re8 32. Rg7 fxe4+ 33.
Kxe4 g5 34. Ne3 Rf8 35. Kd5 Rf3 36. Nc4 Bc7 37. Rxg5 b5 38. Nxd6+ Bxd6 39. Kxd6
c4 40. dxc4 bxc4 41. Rxe5 Rxg3 42. Rc5+ Kb7 43. Rxc4 1-0